<?xml version="1.0" encoding="UTF-8"?>
<marc:record xmlns:marc="http://www.loc.gov/MARC21/slim">
   <marc:leader>00000nam a2200000 a 4500</marc:leader>
   <marc:datafield ind1="1" ind2=" " tag="100">
      <marc:subfield code="a">Bartel, Doris</marc:subfield>
      <marc:subfield code="4">aut</marc:subfield>
      <marc:subfield code="e">Verfasser/-in</marc:subfield>
   </marc:datafield>
   <marc:datafield ind1=" " ind2=" " tag="653">
      <marc:subfield code="a">Kinderheilkunde</marc:subfield>
   </marc:datafield>
   <marc:datafield ind1=" " ind2=" " tag="653">
      <marc:subfield code="a">Kinderkrankheit</marc:subfield>
   </marc:datafield>
   <marc:datafield ind1=" " ind2=" " tag="653">
      <marc:subfield code="a">Aufmerksamkeitsdefizit</marc:subfield>
   </marc:datafield>
   <marc:datafield ind1=" " ind2=" " tag="653">
      <marc:subfield code="a">Hypertonus</marc:subfield>
   </marc:datafield>
   <marc:datafield ind1=" " ind2=" " tag="653">
      <marc:subfield code="a">Schreibaby</marc:subfield>
   </marc:datafield>
   <marc:datafield ind1=" " ind2=" " tag="653">
      <marc:subfield code="a">Tonusstörung</marc:subfield>
   </marc:datafield>
   <marc:datafield ind1=" " ind2=" " tag="653">
      <marc:subfield code="a">Trisomie 21</marc:subfield>
   </marc:datafield>
   <marc:datafield ind1="0" ind2="0" tag="245">
      <marc:subfield code="a">Rotation - Nahrung für das Gehirn</marc:subfield>
   </marc:datafield>
   <marc:datafield ind1="0" ind2="0" tag="245">
      <marc:subfield code="b">Eine neurophysiologische Therapie für die gesunde Tonusregulation</marc:subfield>
   </marc:datafield>
   <marc:datafield ind1="0" ind2="0" tag="245">
      <marc:subfield code="c">Doris Bartel</marc:subfield>
   </marc:datafield>
   <marc:datafield ind1=" " ind2="1" tag="264">
      <marc:subfield code="a">Norderstedt</marc:subfield>
      <marc:subfield code="b">Books on Demand</marc:subfield>
      <marc:subfield code="c">2016</marc:subfield>
   </marc:datafield>
   <marc:datafield ind1="1" ind2=" " tag="520">
      <marc:subfield code="a">Angaben aus der Verlagsmeldung

Rotation - Nahrung für das Gehirn : Eine neurophysiologische Therapie für die gesunde Tonusregulation / von Doris Bartel

Die von Doris Bartel entwickelte Rota-Therapie ist gewachsen aus jahrzehntelanger Erfahrung. Durch die Maßnahmen dieser einfach durchzuführenden Therapie können sowohl leichte Formen einer zentralen Tonus-Störung wie zum Beispiel Konzentrations- und Leistungsschwächen gut aufgefangen werden, als auch Verbesserungen der Motorik und Erleichterungen in der vegetativen Regulation bei Entwicklungsstörungen und Behinderungen jeden Schweregrades erreicht werden.
Therapeutische Maßnahmen und eine gebotene Alltagsgestaltung werden erlernt und täglich zu Hause mit der kompetenten fachlichen Begleitung eigenverantwortlich umgesetzt.
Das Buch bietet illustrierte Erläuterungen über die Zusammenhänge von Primitivreflexen, Tonusregulation und der senso-motorischen Entwicklung des Menschen. Ebenso finden Sie viele illustrierte Darstellungen von leicht im Alltag umzusetzenden Maßnahmen zur Entwicklungsbegleitung und Prophylaxe.
</marc:subfield>
   </marc:datafield>
   <marc:datafield ind1=" " ind2=" " tag="020">
      <marc:subfield code="a">9783739228488</marc:subfield>
      <marc:subfield code="9">9783739228488</marc:subfield>
   </marc:datafield>
   <marc:datafield ind1=" " ind2=" " tag="041">
      <marc:subfield code="a">ger</marc:subfield>
   </marc:datafield>
   <marc:datafield ind1=" " ind2=" " tag="300">
      <marc:subfield code="a">Online-Ressource</marc:subfield>
   </marc:datafield>
</marc:record>
